| 000 | 01144nam a2200241Ia 4500 | ||
|---|---|---|---|
| 003 | Ost | ||
| 005 | 20260507075332.0 | ||
| 008 | 260507s9999||||xx |||||||||||||| ||und|| | ||
| 020 | _a9789957820572 | ||
| 040 | _cfsecg | ||
| 041 | _aara | ||
| 082 | _a330 | ||
| 100 |
_aفياض، عرفات ابراهيم _eمؤلف |
||
| 245 | 0 |
_aالاقتصاد السكاني / _c عرفات ابراهيم فياض |
|
| 260 |
_aعمان: _bالبداية, _c2011 |
||
| 300 |
_a304 صفحة؛ _bإيضاحات ؛ _c25 سم |
||
| 504 | _aاقتناء 2014 03 نسخ | ||
| 520 | _aسكان العالم ، الانظمة الاقتصادية ، بين الانسان و الطبيعة ، مفاهيم و أقسام و منافع الموارد الاقتصادية ، الموارد البشرية ، الزراعة و اقتصادياتها ، مورد الوقود و القوى المحركة و الموارد التعدينية ، الانتاج العالمي من بعض الموارد التعدينية | ||
| 653 | _aالاقتصاد | ||
| 653 | _aالديموغرافيا | ||
| 653 | _aالموارد البشرية | ||
| 942 | _cكتاب | ||
| 999 |
_c44010 _d44010 |
||